01304nab a22002537a 4500999001500000003000400015005001700019008004100036040000700077100003700084245008100121260004200202300001300244500003600257505037800293505008900671650002600760650002500786650003600811650004000847650003000887773012000917942001301037 c6535d6535OSt20260223112009.0190506c xxu||||| |||| 00| 0 spa d cPJ 96774aHenriques, María Roxana 10a¿Acuerdo rescisorio o fraude a la ley laboral? /cMaría Roxana Henriques. aBuenos Aires :bAbeledoPerrot,c2024. ap. 17-28 aCita: TR LALEY AR/DOC/206/2024. aSumario: I. Introducción.— II. El acuerdo de extinción.— III. El art. 15 de la LCT.— IV. Conclusión, son supuestos diferentes.— V. El fraude.— VI. El precedente "Ocampo".— VII. La desigualdad negocial y el desprecio al sistema tuitivo.— VIII. Propuesta de reforma de la norma.— IX. Conclusión y reflexión final.— X. Referencias bibliográficas. t¿Te interesa el texto completo? Comunicate al correo: koha@justierradelfuego.gov.ar 091316aDERECHO LABORAL 096170aFRAUDE LABORAL 094428aRELACIÓN DE DEPENDENCIA 096564aRESPONSABILIDAD DEL EMPLEADOR 091323aCONTRATO DE TRABAJO0 0275193202dBuenos Aires : AbeledoPerrot, 2013-tRevista de derecho laboral y seguridad social. Nº 6 - Marzo 2024 2udccANA